000 00283nam a22001217a 4500
008 171014b xxu||||| |||| 00| 0 eng d
041 _aeng
080 _a330.101.541
100 _a52
101 _aMAK
245 _aENVIRONMENTAL ECONOMICS AND POLICY
_cLESSER, J.A
942 _2udc
_cBK
999 _c33965
_d33965